000 01235nam0a22002531 4500
001 rc\3029429
005 20250806201616.0
035 _a(NLR Aleph) 007170449
090 _a44834
_c44834
100 _a20110930d1945 u y0rusy50 ca
101 0 _arus
102 _aRU
105 _ay z |||||
200 1 _aПрограммы допризывной военной и физической подготовки учащихся-юношей VIII-X классов средних школ и I, II и III курсов техникумов
_e[Утв. Гл. упр. формирования и укомплектования войск Красной Армии 1-го июня 1945 г.]
_fНар. ком. обороны СССР
210 _a[Москва]
_cУчпедгиз
_d1945
_gф-ка дет. книги Детгиза
215 _a101 с.
_d20 см
712 0 1 _aСССР
_bГлавное управление формирования и укомплектования войск Красной Армии
_4570
801 0 _aRU
_bNLR
_gpsbo
801 1 _aRU
_bELAR
_2rusmarc
852 _aNLR
_jВ40 Г-3/69
942 _cBOOK
945 _aРоссийская национальная библиотека
980 _aNB
980 _aBV